Estadísticas para XI de cada seleccion del Mundial 2014

Haz click aquí para intentar la prueba.

Estadísticas generales

  • Esta prueba ha sido intentada 64 veces
  • La puntuación promedio es 85 de 352

Estadísticas de respuestas

N°.Brasil% Correcto
10James Rodriguez
80%
12Julio Cesar
80%
10Lionel Messi
80%
10Luka Modric
80%
6Andres Iniesta
78%
15Sergio Ramos
78%
1Sergio Romero
78%
4David Luiz
76%
7David Villa
76%
7Cristiano Ronaldo
73%
1Fernando Muslera
73%
1Gianluigi Buffon
73%
9Gonzalo Higuain
73%
1Manuel Neuer
73%
3Thiago Silva
73%
1Thibaut Courtois
73%
7Alexis Sanchez
71%
11Arjen Robben
71%
1David Ospina
71%
21Edinson Cavani
71%
13Guillermo Ochoa
71%
18Jordi Alba
71%
11Miroslav Klose
71%
8Arturo Vidal
68%
1Claudio Bravo
68%
3Diego Godin
68%
10Eden Hazard
68%
9Fernando Torres
68%
1Hugo Lloris
68%
7Ivan Rakitic
68%
14Javier Mascherano
68%
1Keylor Navas
68%
17Mario Mandzukic
68%
16Philipp Lahm
68%
6Carlos Sanchez
66%
11Edin Dzeko
66%
7Kevin De Bruyne
66%
13Thomas Muller
66%
11Didier Drogba
63%
3Giorgio Chiellini
63%
20Hong Jeong-ho
63%
4Ivan Perisic
63%
21Jo
63%
19Leonardo Bonucci
63%
16Marcos Rojo
63%
11Oscar
63%
23Pepe Reina
63%
9Robin van Persie
63%
5Francisco Silva
61%
20Jerome Boateng
61%
4Rafael Marquez
61%
18Toni Kroos
61%
7Cristian Rodriguez
59%
2Ezequiel Garay
59%
2Francisco Rodriguez
59%
11Juan Cuadrado
59%
10Karim Benzema
59%
13Ricardo Rodriguez
59%
18Andres Guardado
56%
2Bruno Alves
56%
11Eduardo Vargas
56%
22Ezequiel Lavezzi
56%
5Gary Cahill
56%
8Mesut Ozil
56%
3Pepe
56%
14Xabi Alonso
56%
21Andrea Pirlo
54%
8Enzo Perez
54%
10Granit Xhaka
54%
9Heung-min Son
54%
5Jan Vertonghen
54%
6Lucas Biglia
54%
5Mats Hummels
54%
8Miralem Pjanic
54%
19Yaya Toure
54%
16Antonio Valencia
51%
10Bryan Ruiz
51%
13Enner Valencia
51%
23Xherdan Shaqiri
51%
7Bastian Schweinsteiger
49%
1Jasper Cillessen
49%
13Jose Maria Gimenez
49%
4Kolo Toure
49%
15Martin Demichelis
49%
4Pablo Zabaleta
49%
19Paul Pogba
49%
10Diego Forlan
46%
17Gary Medel
46%
9Joel Campbell
46%
4Keisuke Honda
46%
22Martin Caceres
46%
4Vincent Kompany
46%
10Giovani dos Santos
44%
17Nani
44%
1Tim Howard
44%
6Alvaro Pereira
41%
11Antoine Griezmann
41%
6Axel Witsel
41%
8Clint Dempsey
41%
8Frank Lampard
41%
21Joao Pereira
41%
9Mario Balotelli
41%
8Marouane Fellaini
41%
8Mathieu Valbuena
41%
16Maxi Pereira
41%
4Raphael Varane
41%
3Asamoah Gyan
39%
6Dejan Lovren
39%
10Gervinho
39%
4Mauricio Isla
39%
14Blaise Matuidi
37%
2Toby Alderweireld
37%
15Andrea Barzagli
34%
4Benedikt Howedes
34%
20Charles Aranguiz
34%
7Pablo Armero
32%
2Raul Albiol
32%
9Teofilo Gutierrez
32%
6William Carvalho
32%
22Alexander Dominguez
29%
6Hector Herrera
29%
15Junior Diaz
29%
23Maicon
29%
21Marcelo Diaz
29%
20Serey Die
29%
10Andre Ayew
27%
23Christoph Kramer
27%
5Daley Blind
27%
11Darijo Srna
27%
15Dirk Kuyt
27%
7Georgios Samaras
27%
18Ivica Olic
27%
8Joao Moutinho
27%
10John Obi Mikel
27%
10Shinji Kagawa
27%
1Vincent Enyeama
27%
17Ciro Immobile
24%
8Claudio Marchisio
24%
2Cristian Zapata
24%
5Juanfran
24%
3Mario Yepes
24%
19Willian
24%
7Ahmed Musa
22%
18Camilo Zuñiga
22%
5Celso Borges
22%
17Egidio Arevalo Rios
22%
17Luiz Gustavo
22%
1Mathew Ryan
22%
7Miguel Layun
22%
8Paulinho
22%
20Santi Cazorla
22%
3Stefan de Vrij
22%
5Vedran Corluka
22%
13Islam Slimani
20%
17Koke
20%
10Sofiane Feghouli
20%
19Sokratis Papastathopoulos
20%
9Daniel Sturridge
17%
17Divock Origi
17%
18Gonzalo Jara
17%
15Hector Moreno
17%
20Kwadwo Asamoah
17%
23Marco Verratti
17%
11Vincent Aboubakar
17%
5Yuto Nagatomo
17%
20Alvaro Gonzalez
15%
1Asmir Begovic
15%
1Diego Benaglio
15%
2Eugenio Mena
15%
3Giancarlo Gonzalez
15%
3Omar Gonzalez
15%
8Salomon Kalou
15%
5Sead Kolasinac
15%
8Wilson Palacios
15%
6Eric Choupo-Moting
12%
20Georginio Wijnaldum
12%
10Giorgos Karagounis
12%
11Kevin Mirallas
12%
14Kostas Manolas
12%
16Ramires
12%
2Stephan Lichtsteiner
12%
11Victor Moses
12%
22Beto
10%
15Daniel Van Buyten
10%
11Eder
10%
23Fabian Johnson
10%
14Han Kook-young
10%
12Lee Young
10%
23Luke Shaw
10%
2Mattia De Sciglio
10%
14Maxwell
10%
4Michael Bradley
10%
19Oribe Peralta
10%
22Paul Aguilar
10%
2Ron Vlaar
10%
1Stipe Pletikosa
10%
3Yun Suk-young
10%
20Aissa Mandi
7%
22Andreas Samaris
7%
1Boubacar Barry
7%
13Carlo Costly
7%
3Carlos Salcido
7%
12Chris Smalling
7%
1Eiji Kawashima
7%
22Fabian Schar
7%
13Fredy Guarin
7%
8Gokhan Inler
7%
17James Milner
7%
13Jermaine Jones
7%
3Joel Matip
7%
17Makoto Hasebe
7%
4Matteo Darmian
7%
15Mile Jedinak
7%
3Patrice Evra
7%
16Phil Jones
7%
2Sime Vrsaljko
7%
11Aleksandr Kerzhakov
5%
4Bruno Martins Indi
5%
6Cristian Noboa
5%
20Johan Djourou
5%
8Jonathan de Guzman
5%
20Jose Holebas
5%
6Juan Carlos Garcia
5%
7Mathew Leckie
5%
2Mathieu Debuchy
5%
22Maya Yoshida
5%
4Miguel Veloso
5%
18Noel Valladares
5%
1Orestis Karnezis
5%
14Oscar Garcia
5%
16Reza Ghoochannejhad
5%
11Valon Behrami
5%
6Yohan Cabaye
5%
20Adam Lallana
2%
18Admir Mehmedi
2%
9Aleksandr Kokorin
2%
13Ben Foster
2%
4Emir Spahic
2%
1Igor Ankifeev
2%
7Jack Wilshere
2%
2Jhonny Acosta
2%
19Jonathan Mensah
2%
16Jordy Clasie
2%
2Jorge Guagua
2%
4Juan Carlos Paredes
2%
21Ross Barkley
2%
17Serge Aurier
2%
4Sergei Ignashevich
2%
9Shinji Okazaki
2%
14Stephane Mbia
2%
15Vasilis Torosidis
2%
9Vedad Ibisevic
2%
14Victor Ibarbo
2%
10Walter Ayovi
2%
13Yoshito Okubo
2%
18Abdul Majeed Waris
0%
9Adam Taggart
0%
11Alejandro Bedoya
0%
19Aleksandr Samedov
0%
2Aleksei Kozlov
0%
22Alex Wilkinson
0%
12Alireza Haghighi
0%
22Allan Nyom
0%
5Amir Hossein Sadeghi
0%
14Andranik Teymourian
0%
21Anel Hadzic
0%
3Arthur Boka
0%
21Ashkan Dejagah
0%
2Atsuto Uchida
0%
2Avdija Vrsajevic
0%
9Benjamin Moukandjo
0%
21Brayan Beckeles
0%
1Charles Itandje
0%
9Cheick Tiote
0%
7Christian Bolaños
0%
7Cristian Atsu
0%
16Cristian Gamboa
0%
7DaMarcus Beasley
0%
3Danijel Pranjic
0%
8Denis Glushakov
0%
14Dimitris Salpingidis
0%
23Dmitri Kombarov
0%
5Efe Ambrose
0%
3Ehsan Hajsafi
0%
8Emmanuel Badu
0%
9Emmanuel Emenike
0%
4Essaid Belkalem
0%
15Eyong Enoh
0%
3Faouzi Ghoulam
0%
16Fatau Dauda
0%
3Frickson Erazo
0%
20Geoff Cameron
0%
2Giannis Maniatis
0%
19Graham Zusi
0%
23Harrison Afful
0%
17Henri Bedimo
0%
15Hillal Soudani
0%
4Jalal Hosseini
0%
3Jason Davidson
0%
6Javad Nekounam
0%
7Jefferson Montero
0%
11Jerry Bengston
0%
21John Boye
0%
20Jorge Claros
0%
2Joseph Yobo
0%
19Josip Drmic
0%
13Juwon Oshaniwa
0%
22Kenneth Omeruo
0%
21Kim Seung-gyu
0%
18Kim Shin-wook
0%
5Kim Young-gwon
0%
16Ki Sung-yueng
0%
13Koo Ja-cheol
0%
8Landry N'Guemo
0%
16Lazaros Christodoulopoulos
0%
17Lee Chung-yong
0%
5Mamadou Sakho
0%
7Masoud Shojaei
0%
5Matt Besler
0%
6Matthew Spiranovic
0%
17Matt McKay
0%
3Maynor Figueroa
0%
8Mehdi Lacen
0%
22Mehdi Mostefa
0%
23Menrdad Pooladi
0%
15Michael Arroyo
0%
4Michael Umaña
0%
17Mohammed Rabiu
0%
7Muhamed Besic
0%
2Nicolas N'Kolou
0%
17Ogenyi Onazi
0%
17Oleg Shakov
0%
13Oliver Bozanovic
0%
14Oswaldo Minda
0%
15Pejman Montazeri
0%
8Peter Odemwingie
0%
5Rafik Halliche
0%
23Rais M'Bolhi
0%
15Roger Espinoza
0%
20Ruben Amorim
0%
19Ryan McGowan
0%
19Saphir Taider
0%
22Sol Bamba
0%
14Tino-Sven Susic
0%
11Tommy Oar
0%
15Toni Sunjic
0%
14Toshihiro Aoyama
0%
14Vasili Berezutski
0%
5Victor Bernardez
0%
20Viktor Fayzulin
0%
15Yasuyuki Konno
0%
17Yeltsin Tejeda
0%

Distribución de puntuación

Porcentaje por número respondido

Porcentaje de gente con cada puntuación

Historial de tus puntuaciones

No has intentado esta prueba.